Sidney : Views of a city Views of a city
Descripción Física:
31 p. : il. col. ; 25 cm + 6 làm. col. de 30 x 30 cm
Materias:
Sidney
MARC
| LEADER | 00000nam a2200000Ia 4500 | ||
|---|---|---|---|
| 001 | 13087 | ||
| 008 | 160829s9999 xx 000 0 cat d | ||
| 080 | |a FOL-2-14 | ||
| 245 | |a Sidney : |b Views of a city | ||
| 260 | |a [Sidney ?] : |b [s.n.], [2000 ?] | ||
| 300 | |a 31 p. : |b il. col. ; |c 25 cm + 6 làm. col. de 30 x 30 cm | ||
| 590 | |a Contingut en una caixa blava de tapes dures de 32 x 32 cm. | ||
| 590 | |a Procedència : Diputat d'Esports. | ||
| 590 | |a Consisteix en un fulletó amb fotografies de Sidney i amb làmines de Sidney. | ||
| 590 | |a Text en anglès. | ||
| 650 | |a Sidney |9 22200 | ||
| 901 | |a Arxiu | ||
| 942 | |n 1 | ||
| 952 | |0 0 |1 0 |4 0 |6 FOL214 |7 1 |9 42113 |a Arxiu |b Arxiu |d 2016-12-01 |l 0 |o FOL-2-14 |p 13087 |r 2016-12-01 00:00:00 |w 2016-12-01 |y ARXIU | ||
| 999 | |c 44560 |d 44560 | ||